| 000 | 00893nam a22002777a 4500 | ||
|---|---|---|---|
| 001 | 9268 | ||
| 003 | FISKH | ||
| 005 | 20251208154920.0 | ||
| 008 | 251208b cb ||||| |||| 00| 0 eng d | ||
| 040 |
_aFISKH _beng _cFISKH _dFISKH |
||
| 050 | _aPS3563.Y48 H37 | ||
| 082 | _a811.54 | ||
| 100 | _aMyers, Walter Dean | ||
| 245 |
_aHarlem / _ca poem by Walter Dean Myers ; pictures by Christopher Myers |
||
| 250 | _aFirst Scholastic paperback printing, September 1998. | ||
| 260 |
_aNew York : _bScholastic, _c1997 |
||
| 300 |
_a32 unnumbered pages : _bcolor illustrations ; _c31 cm |
||
| 505 | _aM | ||
| 520 | _aA poem celebrating the people, sights, and sounds of Harlem. | ||
| 521 | 8 |
_a530
_bLexile estimate |
|
| 521 | 8 |
_aM
_bRaz-Plus |
|
| 650 |
_aBlack history _vFiction _xNew York |
||
| 700 |
_aMyers, Christopher _eillustrator |
||
| 942 |
_2ddc _cBK _n0 |
||
| 999 |
_c9268 _d9268 |
||